Solitudini imperfette : romanzo /

Gespeichert in:
Bibliographische Detailangaben
1. Verfasser: Mancinelli, Andrea, (1968- ) (Verfasst von)
Format: Buch
Sprache:Italienisch
Veröffentlicht: Ancona : peQuod, [1998]
Schriftenreihe:PeQuod ; 5
Tags: Tag hinzufügen
Keine Tags, Fügen Sie das erste Tag hinzu!

MARC

LEADER 00000nam a22000007i 4500
001 IT\ICCU\REA\0044257
003 ItRI
005 20260115231953.0
008 981221s1998 it |||||| ||||| |||||c
020 |a 8887418004 
040 |b ita  |c importazione bologna sebina 
041 7 |a ita  |2 ISO-639-2 
100 1 |a Mancinelli, Andrea,  |d  (1968- )  |0 IT\ICCU\MILV\152024  |4 aut 
245 1 0 |a Solitudini imperfette :  |b romanzo /  |c Andrea Mancinelli. 
260 |a Ancona :  |b peQuod,  |c [1998] 
300 |a 136 p. ;  |c 21 cm. 
830 0 |a PeQuod ;  |v 5  |0 IT\ICCU\MIL\0423299 
942 |2 ddc  |c BK  |n 0 
952 |0 0  |1 0  |4 0  |6 DOC_853_914000000000000_MAN  |7 0  |9 18143  |a BO  |b BO  |d 2026-01-15  |i 6594  |l 0  |o DOC 853.914 MAN  |p BO6594  |r 2026-01-15 23:19:53  |w 2026-01-15  |x [Sebina 5] [1 v.]  |y BK  |z 1 v. 
999 |c 15384  |d 15384